<?xml version="1.0" encoding="UTF-8"?>
<record
    xmlns:xsi="http://www.w3.org/2001/XMLSchema-instance"
    xsi:schemaLocation="http://www.loc.gov/MARC21/slim http://www.loc.gov/standards/marcxml/schema/MARC21slim.xsd"
    xmlns="http://www.loc.gov/MARC21/slim">

  <leader>00623nam a22001577a 4500</leader>
  <controlfield tag="003">OSt</controlfield>
  <controlfield tag="005">20151201100624.0</controlfield>
  <controlfield tag="008">151201b        xxu||||| |||| 00| 0 eng d</controlfield>
  <datafield tag="040" ind1=" " ind2=" ">
    <subfield code="c">RUA </subfield>
  </datafield>
  <datafield tag="082" ind1=" " ind2=" ">
    <subfield code="a">FIS LUY 1999 B171 Or.1</subfield>
  </datafield>
  <datafield tag="100" ind1=" " ind2=" ">
    <subfield code="9">4055</subfield>
    <subfield code="a">LUY MENGHUY</subfield>
  </datafield>
  <datafield tag="245" ind1=" " ind2=" ">
    <subfield code="a">Dried snake head fish processing for exportation,&#x200B; &#x1780;&#x17B6;&#x179A;&#x1780;&#x17C2;&#x1785;&#x17D2;&#x1793;&#x17C3;&#x178F;&#x17D2;&#x179A;&#x17B8;&#x1784;&#x17C0;&#x178F;&#x1786;&#x17D2;&#x178A;&#x17C4;&#x178A;&#x17C4;&#x1799;&#x1794;&#x17D2;&#x179A;&#x17BE;&#x1798;&#x17C9;&#x17B6;&#x179F;&#x17CA;&#x17B8;&#x1793;&#x179F;&#x17C6;&#x1784;&#x17BD;&#x178F;&#x179F;&#x17C6;&#x179A;&#x17B6;&#x1794;&#x17CB;&#x1793;&#x17C6;&#x17B6;&#x1785;&#x17C1;&#x1789; &#x1791;&#x17C5;&#x1791;&#x17B8;&#x1795;&#x17D2;&#x179F;&#x17B6;&#x179A;&#x17A2;&#x1793;&#x17D2;&#x178F;&#x179A;&#x1787;&#x17B6;&#x178F;&#x17B7;.</subfield>
  </datafield>
  <datafield tag="260" ind1=" " ind2=" ">
    <subfield code="a">Phnom Penh </subfield>
    <subfield code="b">RUA </subfield>
    <subfield code="c">1999</subfield>
  </datafield>
  <datafield tag="300" ind1=" " ind2=" ">
    <subfield code="a">47p.</subfield>
    <subfield code="b">ill.</subfield>
    <subfield code="c">29cm.</subfield>
  </datafield>
  <datafield tag="942" ind1=" " ind2=" ">
    <subfield code="2">ddc</subfield>
    <subfield code="c">FIS</subfield>
  </datafield>
  <datafield tag="999" ind1=" " ind2=" ">
    <subfield code="c">3774</subfield>
    <subfield code="d">3774</subfield>
  </datafield>
  <datafield tag="952" ind1=" " ind2=" ">
    <subfield code="0">0</subfield>
    <subfield code="1">0</subfield>
    <subfield code="2">ddc</subfield>
    <subfield code="4">0</subfield>
    <subfield code="6">FIS_LUY_1999_000000000000000_B171_OR_1</subfield>
    <subfield code="7">0</subfield>
    <subfield code="9">19009</subfield>
    <subfield code="a">LBB</subfield>
    <subfield code="b">LBB</subfield>
    <subfield code="c">B171</subfield>
    <subfield code="d">2015-12-01</subfield>
    <subfield code="l">1</subfield>
    <subfield code="o">FIS LUY 1999 B171 Or.1</subfield>
    <subfield code="p">RUA027111</subfield>
    <subfield code="r">2021-12-08</subfield>
    <subfield code="s">2021-12-03</subfield>
    <subfield code="w">2015-12-01</subfield>
    <subfield code="y">FIS</subfield>
  </datafield>
  <datafield tag="952" ind1=" " ind2=" ">
    <subfield code="0">0</subfield>
    <subfield code="1">0</subfield>
    <subfield code="2">ddc</subfield>
    <subfield code="4">0</subfield>
    <subfield code="6">FIS_LUY_1999_000000000000000_B171_OR_2</subfield>
    <subfield code="7">0</subfield>
    <subfield code="9">19010</subfield>
    <subfield code="a">LBB</subfield>
    <subfield code="b">LBB</subfield>
    <subfield code="c">B171</subfield>
    <subfield code="d">2015-12-01</subfield>
    <subfield code="l">3</subfield>
    <subfield code="o">FIS LUY 1999 B171 Or.2</subfield>
    <subfield code="p">RUA027201</subfield>
    <subfield code="r">2023-11-20</subfield>
    <subfield code="s">2023-11-14</subfield>
    <subfield code="w">2015-12-01</subfield>
    <subfield code="y">FIS</subfield>
  </datafield>
  <datafield tag="952" ind1=" " ind2=" ">
    <subfield code="0">0</subfield>
    <subfield code="1">0</subfield>
    <subfield code="2">ddc</subfield>
    <subfield code="4">0</subfield>
    <subfield code="6">FIS_LUY_1999_000000000000000_B171_OR_3</subfield>
    <subfield code="7">0</subfield>
    <subfield code="9">19011</subfield>
    <subfield code="a">LBB</subfield>
    <subfield code="b">LBB</subfield>
    <subfield code="c">B171</subfield>
    <subfield code="d">2015-12-01</subfield>
    <subfield code="l">1</subfield>
    <subfield code="o">FIS LUY 1999 B171 Or.3</subfield>
    <subfield code="p">RUA010504</subfield>
    <subfield code="r">2021-11-24</subfield>
    <subfield code="s">2021-11-10</subfield>
    <subfield code="w">2015-12-01</subfield>
    <subfield code="y">FIS</subfield>
  </datafield>
  <datafield tag="952" ind1=" " ind2=" ">
    <subfield code="0">0</subfield>
    <subfield code="1">0</subfield>
    <subfield code="2">ddc</subfield>
    <subfield code="4">0</subfield>
    <subfield code="6">FIS_LUY_1999_000000000000000_B171_OR_4</subfield>
    <subfield code="7">0</subfield>
    <subfield code="9">19012</subfield>
    <subfield code="a">LBB</subfield>
    <subfield code="b">LBB</subfield>
    <subfield code="c">B171</subfield>
    <subfield code="d">2015-12-01</subfield>
    <subfield code="l">1</subfield>
    <subfield code="o">FIS LUY 1999 B171 Or.4</subfield>
    <subfield code="p">RUA027273</subfield>
    <subfield code="r">2016-12-05</subfield>
    <subfield code="s">2016-11-22</subfield>
    <subfield code="w">2015-12-01</subfield>
    <subfield code="y">FIS</subfield>
  </datafield>
  <datafield tag="952" ind1=" " ind2=" ">
    <subfield code="0">0</subfield>
    <subfield code="1">0</subfield>
    <subfield code="2">ddc</subfield>
    <subfield code="4">0</subfield>
    <subfield code="6">FIS_LUY_1999_000000000000000_B171_OR_5</subfield>
    <subfield code="7">0</subfield>
    <subfield code="9">19013</subfield>
    <subfield code="a">LBB</subfield>
    <subfield code="b">ML</subfield>
    <subfield code="c">B171</subfield>
    <subfield code="d">2015-12-01</subfield>
    <subfield code="l">2</subfield>
    <subfield code="o">FIS LUY 1999 B171 Or.5</subfield>
    <subfield code="p">RUA026970</subfield>
    <subfield code="q">2025-04-01</subfield>
    <subfield code="r">2025-03-14</subfield>
    <subfield code="s">2025-03-14</subfield>
    <subfield code="w">2015-12-01</subfield>
    <subfield code="y">FIS</subfield>
  </datafield>
  <datafield tag="952" ind1=" " ind2=" ">
    <subfield code="0">0</subfield>
    <subfield code="1">0</subfield>
    <subfield code="2">ddc</subfield>
    <subfield code="4">0</subfield>
    <subfield code="6">FIS_LUY_1999_000000000000000_B171_OR_6</subfield>
    <subfield code="7">0</subfield>
    <subfield code="9">19014</subfield>
    <subfield code="a">LBB</subfield>
    <subfield code="b">LBB</subfield>
    <subfield code="c">B171</subfield>
    <subfield code="d">2015-12-01</subfield>
    <subfield code="o">FIS LUY 1999 B171 Or.6</subfield>
    <subfield code="p">RUA027187</subfield>
    <subfield code="r">2015-12-01</subfield>
    <subfield code="w">2015-12-01</subfield>
    <subfield code="y">FIS</subfield>
  </datafield>
  <datafield tag="952" ind1=" " ind2=" ">
    <subfield code="0">0</subfield>
    <subfield code="1">0</subfield>
    <subfield code="2">ddc</subfield>
    <subfield code="4">0</subfield>
    <subfield code="6">FIS_LUY_1999_000000000000000_B171_OR_7</subfield>
    <subfield code="7">0</subfield>
    <subfield code="9">19015</subfield>
    <subfield code="a">LBB</subfield>
    <subfield code="b">LBB</subfield>
    <subfield code="c">B171</subfield>
    <subfield code="d">2015-12-01</subfield>
    <subfield code="o">FIS LUY 1999 B171 Or.7</subfield>
    <subfield code="p">RUA027031</subfield>
    <subfield code="r">2015-12-01</subfield>
    <subfield code="w">2015-12-01</subfield>
    <subfield code="y">FIS</subfield>
  </datafield>
  <datafield tag="952" ind1=" " ind2=" ">
    <subfield code="0">0</subfield>
    <subfield code="1">0</subfield>
    <subfield code="2">ddc</subfield>
    <subfield code="4">0</subfield>
    <subfield code="6">FIS_LUY_1999_000000000000000_B171_OR_8</subfield>
    <subfield code="7">0</subfield>
    <subfield code="9">19016</subfield>
    <subfield code="a">LBB</subfield>
    <subfield code="b">LBB</subfield>
    <subfield code="c">B171</subfield>
    <subfield code="d">2015-12-01</subfield>
    <subfield code="l">1</subfield>
    <subfield code="o">FIS LUY 1999 B171 Or.8</subfield>
    <subfield code="p">RUA026876</subfield>
    <subfield code="r">2017-10-24</subfield>
    <subfield code="s">2017-09-25</subfield>
    <subfield code="w">2015-12-01</subfield>
    <subfield code="y">FIS</subfield>
  </datafield>
  <datafield tag="952" ind1=" " ind2=" ">
    <subfield code="0">0</subfield>
    <subfield code="1">0</subfield>
    <subfield code="2">ddc</subfield>
    <subfield code="4">0</subfield>
    <subfield code="6">FIS_LUY_1999_000000000000000_B171_OR_9</subfield>
    <subfield code="7">0</subfield>
    <subfield code="9">19017</subfield>
    <subfield code="a">LBB</subfield>
    <subfield code="b">LBB</subfield>
    <subfield code="c">B171</subfield>
    <subfield code="d">2015-12-01</subfield>
    <subfield code="o">FIS LUY 1999 B171 Or.9</subfield>
    <subfield code="p">RUA026649</subfield>
    <subfield code="r">2015-12-01</subfield>
    <subfield code="w">2015-12-01</subfield>
    <subfield code="y">FIS</subfield>
  </datafield>
</record>
